| 000 | 00631nam a22002057a 4500 | ||
|---|---|---|---|
| 999 |
_c14859 _d14859 |
||
| 003 | AR-CdUCM | ||
| 008 | 190424b ||||| |||| 00| 0 spa d | ||
| 020 | _a978-958-30-4159-4 | ||
| 040 |
_aMUNICIPALIDAD PROVINCIAL DEL CUSCO _cBIBLIOTECA MUNICIPAL DEL CUSCO |
||
| 082 |
_aPi / 808.8 / _bA57 |
||
| 100 |
_aAndricaín, Sergio _933807 |
||
| 245 | _aCuando sea grande / | ||
| 260 |
_aBogotá : _bPanamericana, _c2013. |
||
| 300 |
_a42 páginas ; _bIlustraciones, _c23 cm. |
||
| 650 |
_aCuento _94671 |
||
| 650 |
_aLiteratura infantil _9588 |
||
| 650 |
_aPrimera infancia _924660 |
||
| 942 |
_2ddc _cLIBROS |
||
| 945 |
_adavv _d24/04/2019 |
||